000 00626nam a2200217Ia 4500
005 20241129111139.0
008 241129s9999||||xx |||||||||||||| ||und||
020 _a978-93-5687-765-8
037 _aTB
040 _aCRL
_beng
_cCRL
041 _aeng
_2eng
084 _aV275.B R3
_qCRL
100 _aGhosh Ranjusri Au.
_9723473
245 0 _aEarly north Bengal: from pundravardhana to Varendra c.400 BCE-1150 CE
_cGhosh Ranjusri Au.
260 _aDelhi, India
_bPrimus Books
_c2023
300 _axx,454p.
365 _aINR
_b3150
650 _a History
942 _cTB
_hV275.B R3
999 _c1229137
_d1229137